Rhino - Portrayals by Picture - Statistics

General Stats
  • This quiz has been taken 4 times
  • The average score is 3 of 12
Answer Stats
Picture Answer % Correct
Fred Tatasciore
100%
Clancy Brown
67%
Paul Giamatti
67%
Bob Glouberman
33%
Fred Tatasciore
33%
Don Stark
0%
Ed McNamara
0%
Justin Shenkarow
0%
Matthew Mercer / Ben Pronsky
0%
Max Mittelman / Daryl Sabara
0%
Peter Lurie
0%
Robin Atkin Downes
0%
No matching quizzes found
Score Distribution
Percent of People with Each Score
Percentile by Number Answered
Your Score History
You have not taken this quiz